Vysokorýchlostná dátová komunikácia po silových vedeniach

Gespeichert in:
Bibliographische Detailangaben
1. Verfasser: Sedlák, Tomáš, 1988- (Verfasst von)
Weitere Verfasser: Brezovič, Zdenko, 1973- (Betreuung Doktorarbeit)
Format: Manuskript Buch
Sprache:Slowakisch
Veröffentlicht: Bratislava : STU v Bratislave FEI, 2010
Schlagworte:
Online-Zugang:VAIS
Tags: Tag hinzufügen
Keine Tags, Fügen Sie das erste Tag hinzu!

MARC

LEADER 00000ntm a22000003a 4500
001 stu209497
005 20150617230102.2
008 100818s2010------------------------slo-d
040 |a STU  |b slo 
041 0 |a slo 
100 1 |a Sedlák, Tomáš,  |d 1988-  |4 aut  |u E  |T FEI Fakulta elektrotechniky a informatiky  |X 49996  |U E  |Y 30  |7 A000049996 
242 0 0 |a Broadband powerline communication  |y eng 
245 1 |a Vysokorýchlostná dátová komunikácia po silových vedeniach 
260 |a Bratislava :  |b STU v Bratislave FEI,  |c 2010 
300 |a 51 s 
650 7 |a PLC  |2 stusub 
650 7 |a IPTV  |2 stusub 
650 7 |a elektronika  |2 stusub 
650 7 |a IPTV  |2 stusub 
650 7 |a PLC  |2 stusub 
650 7 |a dátová komunikácia  |2 stusub 
650 7 |a silové vedenia  |2 stusub 
700 1 |a Brezovič, Zdenko,  |d 1973-  |4 ths  |u E030  |U FEI Fakulta elektrotechniky a informatiky  |T FEI Ústav elektroniky a fotoniky  |X 1853  |U E030  |Y 549  |7 A000001853 
856 4 |a info a plný text  |u http://is.stuba.sk/zp/portal_zp.pl?podrobnosti=48957  |3 VAIS